000
00347nam a2200157Ia 4500
003
0STCL
008
150530s9999 xx 000 0 und d
040
_a
STCL
_c
STCL
100
_a
Noakes, G.R.
245
_a
Text book of heat
260
_b
Macmillan
_c
1947
546
_a
English
942
_2
ddc
_c
BK
999
_c
29657
_d
29657
005
20220125170153.0